<?xml version="1.0" encoding="UTF-8"?><?xml-stylesheet type="text/xsl" href="static/style.xsl"?><OAI-PMH xmlns="http://www.openarchives.org/OAI/2.0/" xmlns:xsi="http://www.w3.org/2001/XMLSchema-instance" xsi:schemaLocation="http://www.openarchives.org/OAI/2.0/ http://www.openarchives.org/OAI/2.0/OAI-PMH.xsd"><responseDate>2026-04-30T05:16:03Z</responseDate><request verb="GetRecord" identifier="oai:uvadoc.uva.es:10324/52121" metadataPrefix="marc">https://uvadoc.uva.es/oai/request</request><GetRecord><record><header><identifier>oai:uvadoc.uva.es:10324/52121</identifier><datestamp>2022-03-02T16:59:51Z</datestamp><setSpec>com_10324_38</setSpec><setSpec>col_10324_852</setSpec></header><metadata><record xmlns="http://www.loc.gov/MARC21/slim" xmlns:doc="http://www.lyncode.com/xoai" xmlns:xsi="http://www.w3.org/2001/XMLSchema-instance" xmlns:dcterms="http://purl.org/dc/terms/" xsi:schemaLocation="http://www.loc.gov/MARC21/slim http://www.loc.gov/standards/marcxml/schema/MARC21slim.xsd">
<leader>00925njm 22002777a 4500</leader>
<datafield tag="042" ind1=" " ind2=" ">
<subfield code="a">dc</subfield>
</datafield>
<datafield tag="720" ind1=" " ind2=" ">
<subfield code="a">Martín Román, Manuela</subfield>
<subfield code="e">author</subfield>
</datafield>
<datafield tag="260" ind1=" " ind2=" ">
<subfield code="c">2021</subfield>
</datafield>
<datafield tag="520" ind1=" " ind2=" ">
<subfield code="a">Durante estos últimos años, el Sector de la Moda se está viendo influenciado por &#xd;
todos los avances tecnológicos que surgen. Actualmente, nos encontramos inmersos en la &#xd;
Cuarta de las Revoluciones Industriales, proceso conocido como “Industria 4.0”. Sus &#xd;
características principales son la hiperconectividad, la automatización y la importancia de &#xd;
los datos. La Industria 4.0 afecta de manera directa al Mundo de la Moda, teniendo como &#xd;
resultado niveles de eficiencia mucho mayores a los obtenidos anteriormente y mayor &#xd;
calidad en los productos.. Los cinco primeros capítulos conforman la parte teórica, y el sexto, la práctica.</subfield>
</datafield>
<datafield tag="024" ind2=" " ind1="8">
<subfield code="a">https://uvadoc.uva.es/handle/10324/52121</subfield>
</datafield>
<datafield ind1=" " ind2=" " tag="653">
<subfield code="a">Tejidos y textiles-Industria y comercio-Siglo XXI</subfield>
</datafield>
<datafield ind1=" " ind2=" " tag="653">
<subfield code="a">Moda-Industria y comercio-Siglo XXI</subfield>
</datafield>
<datafield tag="245" ind1="0" ind2="0">
<subfield code="a">La transformación del Mundo de la Moda en base a los  avances tecnológicos de la Industria 4.0</subfield>
</datafield>
</record></metadata></record></GetRecord></OAI-PMH>